Ga door naar de inhoud

Естественное вскармливание детей раннего возраста учебное пособие

Учебное пособие посвящено одной из важнейших проблем педиатрии – приоритету естественного вскармливания детей. Материал знакомит врачей с необходимостью исключительно грудного вскармливания детей первого года жизни, положительными эффектами естественного вскармливания, особенностями выбора пищевых п...

Volledige beschrijving

Bewaard in:
Bibliografische gegevens
Hoofdauteur: Сенькевич О. А.
Formaat: Книга
Taal:Russian
Gepubliceerd in: Хабаровск ДВГМУ 2017
Online toegang:https://e.lanbook.com/book/166370
https://e.lanbook.com/img/cover/book/166370.jpg
Tags: Voeg label toe
Geen labels, Wees de eerste die dit record labelt!
LEADER 02341nam0a2200253 i 4500
001 166370
003 RuSpLAN
005 20221220174118.0
008 221220s2017 ru gs 000 0 rus
040 |a RuSpLAN 
041 0 |a rus 
044 |a ru 
080 |a 618.931:613.953.11-053.3(075.8) 
084 |a 57.32я73  |2 rubbk 
245 0 0 |a Естественное вскармливание детей раннего возраста  |b учебное пособие  |c Сенькевич О. А. 
260 |a Хабаровск  |b ДВГМУ  |c 2017 
300 |a 72 с. 
504 |a Библиогр.: доступна в карточке книги, на сайте ЭБС Лань 
520 8 |a Учебное пособие посвящено одной из важнейших проблем педиатрии – приоритету естественного вскармливания детей. Материал знакомит врачей с необходимостью исключительно грудного вскармливания детей первого года жизни, положительными эффектами естественного вскармливания, особенностями выбора пищевых продуктов при лактации, В работе обсуждаются наиболее частые ошибки практических врачей при ведении детей на грудном вскармливании. Пособие предназначено для обучающихся по основным профессиональным образовательным программам высшего образования – подготовки кадров высшей квалификации по программам ординатуры по специальностям «Педиатрия» (31.08.19), «Неонатология» (31.25.00), «Гастроэнтерология» (31.08.28), «Общая врачебная практика» (31.08.54). 
521 8 |a Книга из коллекции ДВГМУ - Медицина 
100 1 |a Сенькевич О. А. 
856 4 |u https://e.lanbook.com/book/166370 
856 4 8 |u https://e.lanbook.com/img/cover/book/166370.jpg 
953 |a https://e.lanbook.com/img/cover/book/166370.jpg 
Cannot write session to /tmp/vufind_sessions/sess_fgmcs91ma3bls7iurrtvn2cckh